Vista normal Vista MARC

Entrada Materia (geográfica)

Número de registros utilizados en: 1

001 - CONTROL NUMBER

  • control field: 92655

003 - CONTROL NUMBER IDENTIFIER

  • control field: Co-BoUCM

005 - DATE AND TIME OF LATEST TRANSACTION

  • control field: 20180528125622.0

008 - FIXED-LENGTH DATA ELEMENTS

  • fixed length control field: 180528|| aca||aabn | a|a d

040 ## - CATALOGING SOURCE

  • Original cataloging agency: Co-BoUCM
  • Transcribing agency: Co-BoUCM

151 ## - HEADING--GEOGRAPHIC NAME

  • Geographic name: Northern Ireland
  • General subdivision: Politics and government.

670 ## - SOURCE DATA FOUND

  • Source citation: Work cat.: (Co-BoUCM)309757: McGaughey, Jane G. V. 1981- 92642, Ulster's men, 2012